| 000 | 00558nam a2200229Ia 4500 | ||
|---|---|---|---|
| 008 | 190123s9999 xx 000 0 und d | ||
| 020 | _a9780439676595 | ||
| 050 | _bC466 2004 | ||
| 100 | _aChapman, Cindy | ||
| 245 | 0 | _aHow many ducks? / | |
| 245 | 0 | _cby Cindy Chapman ;Viviana Garofoli. | |
| 260 | _aNew York, New York : | ||
| 260 | _bScholastic, | ||
| 260 | _c2004 | ||
| 300 | _a8 pages : | ||
| 300 | _bcolored illustrations ; | ||
| 300 | _c20cm. | ||
| 500 | _aBR | ||
| 650 | _aCounting. | ||
| 700 | _aGarofoli, Cindy. | ||
| 700 | _aTitle. | ||
| 999 |
_c360974 _d360974 |
||